Handloom industry of north east india : (Record no. 10904)
[ view plain ]
| 000 -LEADER | |
|---|---|
| fixed length control field | 00560cam a2200193ua 4500 |
| 001 - CONTROL NUMBER | |
| control field | 12150 |
| 005 - DATE AND TIME OF LATEST TRANSACTION | |
| control field | 20260515114838.0 |
| 008 - FIXED-LENGTH DATA ELEMENTS--GENERAL INFORMATION | |
| fixed length control field | 200224n ii |||gr||||Z||||||eng |
| 020 ## - INTERNATIONAL STANDARD BOOK NUMBER | |
| International Standard Book Number | 9788183704199 |
| 040 ## - CATALOGING SOURCE | |
| Transcribing agency | MAIN |
| 082 ## - DEWEY DECIMAL CLASSIFICATION NUMBER | |
| Classification number | 301.0954 |
| 100 ## - MAIN ENTRY--PERSONAL NAME | |
| Personal name | Radhesyam Oinam, |
| Relator term | Author. |
| 245 ## - TITLE STATEMENT | |
| Title | Handloom industry of north east india : |
| Remainder of title | marketing practices and strategic choices / |
| Statement of responsibility, etc. | By Radhesyam Oinam . |
| 250 ## - EDITION STATEMENT | |
| Edition statement | 1st ed. |
| 260 ## - PUBLICATION, DISTRIBUTION, ETC. | |
| Place of publication, distribution, etc. | Delhi: |
| Name of publisher, distributor, etc. | Akansha publishing house, |
| Date of publication, distribution, etc. | 2015. |
| 300 ## - PHYSICAL DESCRIPTION | |
| Extent | 218p. |
| 653 ## - INDEX TERM--UNCONTROLLED | |
| Uncontrolled term | Sociology & anthropology |
| 942 ## - ADDED ENTRY ELEMENTS (KOHA) | |
| Koha item type | Books |
| Withdrawn status | Lost status | Damaged status | Not for loan | Home library | Current library | Shelving location | Date acquired | Total checkouts | Full call number | Barcode | Date last seen | Copy number | Price effective from | Koha item type |
|---|---|---|---|---|---|---|---|---|---|---|---|---|---|---|
| Naharkatiya College Library | Naharkatiya College Library | General stacks | 09/19/2020 | 301.0954 | OIN | 25196 | 09/19/2020 | 1 | 09/19/2020 | Books |